000 00893cab a2200253 4500
001 WB2740-12
008 090401t1991 xxu||||| |||| 00| 0 eng d
035 _a(Sirsi) u13746
041 _aeng
245 _aFarmers give land back to nature
260 _c1991
350 _a0
490 _aDaily Telegraph
_v14 October 1991, 4
520 _aHighlights a proposal to restore 1000 acres of farmland to traditional water meadow in Buckinghamshire and Oxfordshire, thought to be one of the most ambitious schemes so far under the Countryside Stewardship scheme aimed at promoting environmentally-sensitive farming.
650 _aCOUNTRYSIDE STEWARDSHIP SHCME
650 _aENVIRONMENTALLY-SENSITIVE FARMING
650 _aFARMING
650 _aWETLANDS
650 _aWILDLIFE CONSERVATION
690 _aCONSERVATION
690 _aRURAL PRACTICE
942 _n0
948 _c04/03/1997
999 _c8853
_d8853